000 00825cam a2200217 4500
001 WB3734-34
008 010913n2001 000 0 eng u
035 _a(Sirsi) u114567
245 _aAutumn movement controls
260 _c2001
490 _aDEFRA News Release
_v(131/01) 11 September 2001, (10)
520 _aDEFRA announces details of livestock movements this autumn. Strict controls will be imposed to prevent the risk of further foot and mouth outbreaks. Letter to livestock farmers in England and Wales and summary of autumn movements.
590 _aWB
650 _aFOOT-AND-MOUTH DISEASE
650 _aPROPERTY-RURAL AND NATURAL ASSETS-AGRICULTURAL PROPERTY-LIVESTOCK
650 _aLIVESTOCK MOVEMENT
650 _aRESTRICTIONS
650 _aFARMING INDUSTRY
690 _aRural
_96268
942 _n0
999 _c68262
_d68262